The Orange Quiz - Statistics

General Stats
  • This quiz has been taken 28 times
  • The average score is 10 of 12
Answer Stats
Picture Answer % Correct
Carrot
100%
Cat
100%
Clown Fish
100%
Orange
100%
Pumpkin
100%
Lion
96%
Sky
83%
Flower
79%
Ornament
75%
Pinecones
71%
Bison
67%
Dune
67%
No matching quizzes found
Score Distribution
Percent of People with Each Score
Percentile by Number Answered
Your Score History
You have not taken this quiz